000 00740nam a22002297a 4500
005 20170124105921.0
010 _aB-19085
020 _c00.00
_a8187336617
035 _aB-19085
037 _bCen Lib/Ret
040 _aDPL
_bEN
082 _a306.08
_bLAK
100 _aLakra, Pula Muni
_972381
245 _aTribal India :
_cby Pula Muni-Lakra
_bcommunities, customs and culture /
260 _aNew Delhi
_bDominant Publishers
_c2000
270 _a4378/4-B, Murari Lal Street, Ansari Road, Darya Ganj
_bNew Delhi
_e110002
300 _av,312p.
_c22cm(Hb)
500 _aIncludes index
650 _aTribal Affairs
_zIndia
_972382
650 _aTribal Welfare Department
_zIndia
_972383
942 _2ddc
_cEN
_h306.08
_mLAK
999 _c123189
_d123189